Union Public Service Commission (UPSC) IAS Civil Service (Main) Examination: Sociology (Paper I &II) / (Record no. 78325)

MARC details
000 -LEADER
fixed length control field 00744nam a22001937a 4500
005 - DATE AND TIME OF LATEST TRANSACTION
control field 20130808170752.0
010 ## - LCCN (DPL NO)
LC control number B-508446-447
020 ## - INTERNATIONAL STANDARD BOOK NUMBER
International Standard Book Number 9789350751039
Terms of availability 165.00
035 ## - SYSTEM CONTROL NUMBER
System control number B-508446-447
037 ## - SOURCE OF ACQUISITION
Stock number dpl
Source of stock number/acquisition KKP/Ven
082 ## - DEWEY DECIMAL CLASSIFICATION NUMBER
Classification number 301
100 ## - MAIN ENTRY--PERSONAL NAME
Personal name Mishra, Atul Kumar
245 ## - TITLE STATEMENT
Title Union Public Service Commission (UPSC) IAS Civil Service (Main) Examination: Sociology (Paper I &II) /
Statement of responsibility, etc by Atul Kumar Mishra
260 ## - PUBLICATION, DISTRIBUTION, ETC. (IMPRINT)
Place of publication, distribution, etc New Delhi
Name of publisher, distributor, etc Arihant Publications (India) Ltd.
270 ## - ADDRESS
Address 4577/15,Agarwal Road,Darya Ganj,
City New Delhi
Postal code 110002
Telephone number 47630600
Fax number 23280316
300 ## - PHYSICAL DESCRIPTION
Extent 215p.
Dimensions 20cm.(pbk)
942 ## - ADDED ENTRY ELEMENTS (KOHA)
Source of classification or shelving scheme Dewey Decimal Classification
Item type English Books
Call number suffix MIS
Classification part 301
Holdings
Withdrawn status Lost status Not for loan Collection code Home library Current library Date acquired Source of acquisition Cost, normal purchase price Full call number Barcode Copy number Cost, replacement price Koha item type
  Written-off vide DLB M. No. 383 dt 16.05.19   Non-fiction Sarojini Nagar Sarojini Nagar 08/08/2013 KKP/3014/19.03.2013/72/18.03.2013/22.03.2013 295.00 301 MIS B-508446 1 295.00 English Books
      Non-fiction Sarojini Nagar Sarojini Nagar 08/08/2013 KKP/3014/19.03.2013/72/18.03.2013/22.03.2013 295.00 301 MIS B-508447 1 295.00 English Books

© Delhi Public Library
Hit Counter
free hit counter